Политика кибербезопасности Европейского Союза: на пути к стратегической автономии; Прогрессивные технологии и экономика в машиностроении

Detalles Bibliográficos
Parent link:Прогрессивные технологии и экономика в машиностроении.— 2019.— [С. 206-209]
Autor principal: Паньковская А. К.
Autor Corporativo: Национальный исследовательский Томский политехнический университет (ТПУ) Юргинский технологический институт (филиал) (ЮТИ) Отделение цифровых технологий (ОЦТ)
Otros Autores: Чеховских К. А. Константин Анатольевич (научный руководитель)
Sumario:Заглавие с экрана
Кибербезопасность как единая область по-прежнему является новой сферой деятельности общей политики ЕС, в тоже время она широко воспринимается как область растущей важности для глобальной позиции и безопасности Союза. Это развитие политики кибербезопасности ЕС происходит в контексте широко возрастающих усилий, а именно амбиций Европы по увеличению своей стратегической автономии. Для ЕС основной проблемой остается необходимость последовательного и целостного подхода к кибербезопасности, охватывающего все ее аспекты - сетевую и информационную безопасность, киберпреступность и киберзащиту. Новые инициативы, предпринятые на саммитах ЕС в Брюсселе в октябре и декабре 2018 г., направлены на решение этой проблемы.
Lenguaje:ruso
Publicado: 2019
Colección:Информационные технологии, экономика, управление
Materias:
Acceso en línea:http://earchive.tpu.ru/handle/11683/53114
Formato: Electrónico Capítulo de libro
KOHA link:https://koha.lib.tpu.ru/cgi-bin/koha/opac-detail.pl?biblionumber=629309

MARC

LEADER 00000naa2a2200000 4500
001 629309
005 20231102024406.0
035 |a (RuTPU)RU\TPU\conf\29833 
035 |a RU\TPU\conf\29832 
090 |a 629309 
100 |a 20190418d2019 k y0rusy50 ca 
101 0 |a rus 
102 |a RU 
105 |a y z 101zy 
135 |a drgn ---uucaa 
181 0 |a i  
182 0 |a b 
200 1 |a Политика кибербезопасности Европейского Союза: на пути к стратегической автономии  |f А. К. Паньковская  |g науч. рук. К. А. Чеховских 
203 |a Текст  |c электронный 
225 1 |a Информационные технологии, экономика, управление 
230 |a 1 компьютерный файл (pdf; 212 Kb) 
300 |a Заглавие с экрана 
320 |a [Библиогр.: с. 208-209 (3 назв.)] 
330 |a Кибербезопасность как единая область по-прежнему является новой сферой деятельности общей политики ЕС, в тоже время она широко воспринимается как область растущей важности для глобальной позиции и безопасности Союза. Это развитие политики кибербезопасности ЕС происходит в контексте широко возрастающих усилий, а именно амбиций Европы по увеличению своей стратегической автономии. Для ЕС основной проблемой остается необходимость последовательного и целостного подхода к кибербезопасности, охватывающего все ее аспекты - сетевую и информационную безопасность, киберпреступность и киберзащиту. Новые инициативы, предпринятые на саммитах ЕС в Брюсселе в октябре и декабре 2018 г., направлены на решение этой проблемы. 
463 0 |0 (RuTPU)RU\TPU\conf\29747  |t Прогрессивные технологии и экономика в машиностроении  |o сборник трудов X Всероссийской научно-практической конференции для студентов и учащейся молодежи, 4-6 апреля 2019 г., Юрга  |f Национальный исследовательский Томский политехнический университет (ТПУ), Юргинский технологический институт (ЮТИ) ; под ред. Е. А. Зернина  |v [С. 206-209]  |d 2019 
610 1 |a электронный ресурс 
610 1 |a труды учёных ТПУ 
610 1 |a кибербезопасность 
610 1 |a Европейский Союз 
610 1 |a интернет-пространство 
610 1 |a сетевая безопасность 
610 1 |a информационная безопасность 
610 1 |a устойчивость 
610 1 |a стратегия 
610 1 |a сдерживание 
700 1 |a Паньковская  |b А. К. 
702 1 |a Чеховских  |b К. А.  |c историк  |c доцент Юргинского технологического института Томского политехнического университета, кандидат исторических наук  |f 1960-  |g Константин Анатольевич  |2 stltpush  |4 727  |9 11497 
712 0 2 |a Национальный исследовательский Томский политехнический университет (ТПУ)  |b Юргинский технологический институт (филиал) (ЮТИ)  |b Отделение цифровых технологий (ОЦТ)  |h 8375  |2 stltpush  |3 (RuTPU)RU\TPU\col\24718 
801 2 |a RU  |b 63413507  |c 20190419  |g RCR 
856 4 |u http://earchive.tpu.ru/handle/11683/53114 
942 |c BK